| 000 | 00350nam a2200133Ia 4500 | ||
|---|---|---|---|
| 008 | 240624s9999 xx 000 0 und d | ||
| 041 | _aeng | ||
| 082 | _a020 RAM | ||
| 100 | _aRAMAIAH L S | ||
| 245 | _aE LIBRARIES PROBLEMS AND PERSPECTIVES | ||
| 260 |
_c2009 _aMumbai _bAllied Publishers |
||
| 300 | _axxiii, : 670 : p. : cm. ; 23 | ||
| 365 |
_cRS _b40 |
||
| 999 |
_c19047 _d19047 |
||